<?xml version="1.0" encoding="UTF-8"?>
<record
    xmlns:xsi="http://www.w3.org/2001/XMLSchema-instance"
    xsi:schemaLocation="http://www.loc.gov/MARC21/slim http://www.loc.gov/standards/marcxml/schema/MARC21slim.xsd"
    xmlns="http://www.loc.gov/MARC21/slim">

  <leader>01374nam1a2200325   4500</leader>
  <controlfield tag="001">RU\NLR\BIBL_A\022744661</controlfield>
  <controlfield tag="005">20260426072842.0</controlfield>
  <datafield tag="035" ind1=" " ind2=" ">
    <subfield code="a">(NLR Aleph) 022744661</subfield>
  </datafield>
  <datafield tag="090" ind1=" " ind2=" ">
    <subfield code="a">13693352</subfield>
    <subfield code="c">13693352</subfield>
  </datafield>
  <datafield tag="100" ind1=" " ind2=" ">
    <subfield code="a">20260426              rusy50        </subfield>
  </datafield>
  <datafield tag="101" ind1="0" ind2=" ">
    <subfield code="a">rus</subfield>
  </datafield>
  <datafield tag="102" ind1=" " ind2=" ">
    <subfield code="a">RU</subfield>
  </datafield>
  <datafield tag="105" ind1=" " ind2=" ">
    <subfield code="a">||||z||||||||</subfield>
  </datafield>
  <datafield tag="181" ind1=" " ind2="0">
    <subfield code="a">i3</subfield>
    <subfield code="b">axxe  </subfield>
  </datafield>
  <datafield tag="182" ind1=" " ind2="0">
    <subfield code="a">n</subfield>
  </datafield>
  <datafield tag="200" ind1="1" ind2=" ">
    <subfield code="a">&#x418;&#x441;&#x442;&#x43E;&#x440;&#x438;&#x44F; &#x421;&#x421;&#x421;&#x420;. &#x41B;&#x435;&#x43A;&#x446;&#x438;&#x438; &#x41B;&#x44C;&#x432;&#x430; &#x41B;&#x443;&#x440;&#x44C;&#x435;</subfield>
    <subfield code="e">&#x448;&#x43F;&#x430;&#x440;&#x433;&#x430;&#x43B;&#x43A;&#x430; &#x43F;&#x43E; &#x440;&#x443;&#x441;&#x441;&#x43A;&#x43E;&#x439; &#x438;&#x441;&#x442;&#x43E;&#x440;&#x438;&#x438; &#x434;&#x43B;&#x44F; &#x43B;&#x44E;&#x431;&#x43E;&#x43F;&#x44B;&#x442;&#x441;&#x442;&#x432;&#x443;&#x44E;&#x449;&#x438;&#x445;</subfield>
    <subfield code="e">&#x441;&#x431;&#x43E;&#x440;&#x43D;&#x438;&#x43A;</subfield>
    <subfield code="f">&#x441;&#x43E;&#x441;&#x442;.: &#x41B;. &#x410;&#x440;&#x43A;&#x443;&#x441;</subfield>
  </datafield>
  <datafield tag="203" ind1=" " ind2=" ">
    <subfield code="a">&#x422;&#x435;&#x43A;&#x441;&#x442;</subfield>
    <subfield code="b">&#x432;&#x438;&#x437;&#x443;&#x430;&#x43B;&#x44C;&#x43D;&#x44B;&#x439;</subfield>
    <subfield code="c">&#x43D;&#x435;&#x43F;&#x43E;&#x441;&#x440;&#x435;&#x434;&#x441;&#x442;&#x432;&#x435;&#x43D;&#x43D;&#x44B;&#x439;</subfield>
  </datafield>
  <datafield tag="210" ind1=" " ind2=" ">
    <subfield code="a">&#x421;&#x430;&#x43D;&#x43A;&#x442;-&#x41F;&#x435;&#x442;&#x435;&#x440;&#x431;&#x443;&#x440;&#x433;</subfield>
    <subfield code="c">&#x421;&#x435;&#x430;&#x43D;&#x441; (&#x41B;&#x44E;&#x431;&#x43E;&#x432;&#x44C; &#x410;&#x440;&#x43A;&#x443;&#x441;)</subfield>
    <subfield code="d">2025-</subfield>
  </datafield>
  <datafield tag="215" ind1=" " ind2=" ">
    <subfield code="d">20</subfield>
  </datafield>
  <datafield tag="300" ind1=" " ind2=" ">
    <subfield code="a">&#x41D;&#x430; &#x43E;&#x431;&#x43E;&#x440;&#x43E;&#x442;&#x435; &#x442;&#x438;&#x442;. &#x441;. &#x432; &#x430;&#x43D;&#x43D;&#x43E;&#x442;. &#x430;&#x432;&#x442;.: &#x41B;&#x435;&#x432; &#x41B;&#x443;&#x440;&#x44C;&#x435;, &#x438;&#x441;&#x442;&#x43E;&#x440;&#x438;&#x43A;, &#x436;&#x443;&#x440;&#x43D;&#x430;&#x43B;&#x438;&#x441;&#x442;</subfield>
  </datafield>
  <datafield tag="333" ind1=" " ind2=" ">
    <subfield code="a">16+</subfield>
  </datafield>
  <datafield tag="607" ind1=" " ind2=" ">
    <subfield code="a">&#x421;&#x421;&#x421;&#x420;</subfield>
    <subfield code="x">&#x418;&#x441;&#x442;&#x43E;&#x440;&#x438;&#x44F;</subfield>
    <subfield code="9">912491</subfield>
    <subfield code="3">RU\NLR\AUTH\6613829</subfield>
  </datafield>
  <datafield tag="686" ind1="1" ind2=" ">
    <subfield code="a">&#x422;3(2)7,02</subfield>
  </datafield>
  <datafield tag="700" ind1=" " ind2="1">
    <subfield code="a">&#x41B;&#x443;&#x440;&#x44C;&#x435;</subfield>
    <subfield code="b">&#x41B;. &#x42F;.</subfield>
    <subfield code="f">1950-</subfield>
    <subfield code="g">&#x41B;&#x435;&#x432; &#x42F;&#x43A;&#x43E;&#x432;&#x43B;&#x435;&#x432;&#x438;&#x447;</subfield>
  </datafield>
  <datafield tag="702" ind1=" " ind2="1">
    <subfield code="a">&#x410;&#x440;&#x43A;&#x443;&#x441;</subfield>
    <subfield code="b">&#x41B;. &#x42E;.</subfield>
    <subfield code="f">1960-</subfield>
    <subfield code="g">&#x41B;&#x44E;&#x431;&#x43E;&#x432;&#x44C; &#x42E;&#x440;&#x44C;&#x435;&#x432;&#x43D;&#x430;</subfield>
    <subfield code="4">220</subfield>
  </datafield>
  <datafield tag="852" ind1=" " ind2=" ">
    <subfield code="a">NLR</subfield>
    <subfield code="j">2026-3/4391</subfield>
  </datafield>
  <datafield tag="942" ind1=" " ind2=" ">
    <subfield code="c">BOOK</subfield>
  </datafield>
  <datafield tag="980" ind1=" " ind2=" ">
    <subfield code="a">NB</subfield>
  </datafield>
</record>
